000 00678cam a22002293a 4500
001 31511
003 PGUSA
005 20140828083700.0
008 100305s2010||||xxu|||||s|||||000 | eng d
040 _aPGUSA
_beng
042 _adc
050 4 _aBF
100 1 _aNotestein, Wallace,
_d1878-1969
245 1 2 _aA History of Witchcraft in England from 1558 to 1718
_h[electronic resource] /
_cWallace Notestein
260 _bProject Gutenberg,
_c2010
506 _aPublic domain in the USA.
516 _aElectronic text
653 _aWitchcraft -- England -- History
830 0 _aProject Gutenberg
_v31511
856 4 0 _uhttp://www.gutenberg.org/ebooks/31511
942 _cEB
999 _c260766
_d260766